| 000 | 00633nam a22002297a 4500 | ||
|---|---|---|---|
| 008 | 160910s2006 ei||||| |||| 00| 0 eng d | ||
| 020 | _a9780955428104 | ||
| 082 | 0 | 4 |
_a708 _bM157t |
| 100 | 1 |
_aMackey, Christine. _95494 |
|
| 245 | 1 | 0 |
_aTidings from here to there / _cChristine Mackey. |
| 250 | _a1a ed. | ||
| 260 |
_aIrlanda : _bDublin City Council, _c2006. |
||
| 300 | _a27 p. | ||
| 653 | 1 | 0 | _aArte contemporáneo |
| 653 | 1 | 0 | _aExhibiciones |
| 653 | 1 | 0 | _aArte público |
| 653 | 1 | 0 | _aDibujo |
| 653 | 1 | 0 | _aInvestigación territorial |
| 653 | 1 | 0 | _aArte - Geografía |
| 653 | 1 | 0 | _aResidencia Ballybough |
| 653 | 1 | 0 | _aFotografía |
| 999 |
_c1044 _d1044 |
||